| 000 | 00000nam##2200000za#4500 |
| 001 | 9.633971 |
| 003 | CaOODSP |
| 005 | 20210624215559 |
| 007 | cr ||||||||||| |
| 008 | 150407|2007||||xxc|||||o f|0| 0 fre|d |
| 020 | |a978-0-662-73920-3 |
| 040 | |aCaOODSP|bfre |
| 043 | |an-cn--- |
| 086 | 1 |aEn84-52/2007F-PDF |
| 110 | 1 |aCanada. |bEnvironnement Canada. |
| 245 | 10|aAgir face aux changements climatiques et à la pollution atmosphérique |h[ressource électronique] |
| 260 | |aOttawa - Ontario : |bEnvironnement Canada |cc2007. |
| 300 | |a12p.|bgraphiques, photographies |
| 500 | |aLe n° de catalogue (En84-52/2007) et l'ISBN (0978-0-662-69716-9) copiés dans cette publication sont incorrects. |
| 590 | |a10-05-Supp|b2010-07-20 |
| 691 | 07|aChangement climatique|2gcpds |
| 775 | 08|tAction on climate change and air pollution |w(CaOODSP)9.689563 |
| 856 | 40|ahttp://publications.gc.ca|qPDF|s1531 Ko|uhttps://publications.gc.ca/collections/collection_2010/ec/En84-52-2007-fra.pdf |